Инженерная защита населения и территорий в чрезвычайных ситуациях мирного и военного времени: учебник для вузов

Bibliografische gegevens
Hoofdauteur: Шульгин В. Н. Василий Николаевич
Coauteurs: Академия государственной противопожарной службы, Академия гражданской защиты
Samenvatting:Настоящий учебник посвящен изучению вопросов, связанных с инженерным обеспечением защиты населения и территорий в чрезвычайных ситуациях в условиях мирного и военного времени. В части 1 учебника рассмотрены общие вопросы инженерной защиты населения, селитебных территорий и отдельных объектов, попадающих в зону вероятных чрезвычайных ситуаций. Часть 2 посвящена изложению вопросов проектирования, сооружения и эксплуатации заблаговременно возводимых защитных сооружений для укрытия населения, включая основные методы расчета конструк­ций сооружений различных типов. В части 3 рассмотрены особенности приспособления имеющейся гражданской строительной инфраструктуры для целей защиты населения. Особое внимание уделено быстровозводимым защитным сооружениям. Учебник адресуется слушателям и преподавателям вузов, а также всем сотрудникам иных учреждений, деятельность которых связана с обеспечением защиты населения и территорий в условиях чрезвычайных ситуаций.
Taal:Russisch
Gepubliceerd in: Москва, Академический проект, 2010
Reeks:Gaudeamus
Учебник для вузов
Фундаментальный учебник
Федеральная целевая программа "Культура России"
Onderwerpen:
Formaat: Boek
KOHA link:https://koha.lib.tpu.ru/cgi-bin/koha/opac-detail.pl?biblionumber=138097

MARC

LEADER 00000nam0a2200000 4500
001 138097
005 20231101220724.0
010 |a 9785829111922 
010 |a 978-5-88687-197-5 
035 |a (RuTPU)RU\TPU\book\149648 
090 |a 138097 
100 |a 20080520d2010 m y0rusy50 ca 
101 0 |a rus 
102 |a RU 
105 |a a j 001zy 
200 1 |a Инженерная защита населения и территорий в чрезвычайных ситуациях мирного и военного времени  |e учебник для вузов  |f В. Н. Шульгин  |g Академия государственной противопожарной службы ; Академия гражданской защиты 
210 |a Москва  |c Академический проект  |a Екатеринбург  |c Деловая книга  |d 2010 
215 |a 684 с.  |c ил. 
225 1 |a Gaudeamus 
225 1 |a Учебник для вузов 
225 1 |a Фундаментальный учебник 
225 1 |a Федеральная целевая программа "Культура России" 
320 |a Библиогр.: с. 657-662. 
320 |a Сокращения: с. 653-656. 
330 |a Настоящий учебник посвящен изучению вопросов, связанных с инженерным обеспечением защиты населения и территорий в чрезвычайных ситуациях в условиях мирного и военного времени. В части 1 учебника рассмотрены общие вопросы инженерной защиты населения, селитебных территорий и отдельных объектов, попадающих в зону вероятных чрезвычайных ситуаций. Часть 2 посвящена изложению вопросов проектирования, сооружения и эксплуатации заблаговременно возводимых защитных сооружений для укрытия населения, включая основные методы расчета конструк­ций сооружений различных типов. В части 3 рассмотрены особенности приспособления имеющейся гражданской строительной инфраструктуры для целей защиты населения. Особое внимание уделено быстровозводимым защитным сооружениям. Учебник адресуется слушателям и преподавателям вузов, а также всем сотрудникам иных учреждений, деятельность которых связана с обеспечением защиты населения и территорий в условиях чрезвычайных ситуаций. 
606 1 |a Чрезвычайные ситуации  |2 stltpush  |3 (RuTPU)RU\TPU\subj\37291  |9 58373 
610 1 |a население 
610 1 |a средства поражения 
610 1 |a атомные электростанции 
610 1 |a химически опасные объекты 
610 1 |a затопления 
610 1 |a наводнения 
610 1 |a спонтанные взрывы 
610 1 |a терроризм 
610 1 |a военные действия 
610 1 |a инженерная защита 
610 1 |a инженерная обстановка 
610 1 |a ядерное оружие 
610 1 |a прогнозирование 
610 1 |a территории 
610 1 |a ландшафтные пожары 
610 1 |a сели 
610 1 |a обвалы 
610 1 |a осыпи 
610 1 |a оползни 
610 1 |a ураганы 
610 1 |a бури 
610 1 |a штормы 
610 1 |a временное размещение 
610 1 |a инженерное оборудование 
610 1 |a водоснабжение 
610 1 |a источники водоснабжения 
610 1 |a световая маскировка 
610 1 |a защитные сооружения 
610 1 |a конструктивные решения 
610 1 |a санитарно-технические системы 
610 1 |a эксплуатация 
610 1 |a подземное пространство 
610 1 |a метрополитены 
610 1 |a быстровозводимые защитные сооружения 
610 1 |a учебники 
675 |a 614.8(075.8)  |v 3 
700 1 |a Шульгин  |b В. Н.  |g Василий Николаевич 
712 0 2 |a Академия государственной противопожарной службы  |2 stltpush  |3 (RuTPU)RU\TPU\col\15965 
712 0 2 |a Академия гражданской защиты  |2 stltpush  |3 (RuTPU)RU\TPU\col\8321  |9 24511 
801 1 |a RU  |b 63413507  |c 20080520  |g PSBO 
801 2 |a RU  |b 63413507  |c 20120502  |g RCR 
900 |a Тактика сил РСЧС и ГО 
900 |a Материально-техническое обеспечение 
900 |a Инженерная защита населения и территорий 
942 |c BK 
953 |l 8 
959 |a 59/20080520  |d 1  |e 440,00  |f ЧЗТЛ:1 
959 |a 111/20091027  |d 1  |e 0  |f ЧЗТЛ:1